Joueurs passés par Aston Villa - Mort subite - Statistiques

Statistiques générales
  • Ce quiz a été pris 257 fois
  • Le résultat moyen est 10 sur 20
Answers on the Grid
Answers color-coded by a green-red scale on the quiz's grid according to % correct below.
Marcus Rashford
Donyell Malen
Boubacar Kamara
James Milner
Ashley Young
Ollie Watkins
Emiliano Martínez
Leon Bailey
Philippe Coutinho
John McGinn
Jack Grealish
Tammy Abraham
David Ginola
Lucas Digne
Robert Pirès
Christian Benteke
Pepe Reina
Douglas Luiz
Moussa Diaby
Jhon Durán
Adam Lallana
Cristiano Ronaldo
João Félix
Emerson
Carlos Valderrama
Mirko Salvi
Mario Götze
David Beckham
Lionel Messi
Alphonse Areola
Alexander Isak
Granit Xhaka
Kaoru Mitoma
Carlos Bacca
Iago Aspas
Nélson Semedo
 
Statistiques - réponses
Réponse % Correct
Jack Grealish
75%
Lucas Digne
73%
Emiliano Martínez
72%
Ollie Watkins
67%
Boubacar Kamara
66%
John McGinn
66%
Leon Bailey
64%
Moussa Diaby
64%
Jhon Durán
61%
Marcus Rashford
61%
Philippe Coutinho
61%
Ashley Young
57%
Donyell Malen
56%
Douglas Luiz
55%
Christian Benteke
36%
James Milner
27%
Tammy Abraham
24%
David Ginola
20%
Robert Pirès
18%
Pepe Reina
16%
Aucun quiz correspondant
Distribution des résultats
% des personnes avec chaque résultat
Percentile par nombre de réponses
Votre historique - résultats
Vous n’avez pas pris ce quiz